000 01193nam a22003251 4500
001 35499
003 BD-RjUL
005 20211209052331.0
008 770223s1946 -us 001 0 eng
035 _a(BD-RjUL)35593
035 _a(OCoLC)2757604
040 _aDLC
_cMdBJ-W
_dDLC
_dBD-RjUL
_beng
041 _aeng
082 _a519
_bTEA V-1 1964
100 1 _aTetley, Herbert.
_9107616
245 1 0 _aActuarial statistics /
_cCoordinating editor: Harry Freeman.
250 _a2n ed.
260 _aCambridge :
_bPublished for the Institute of Actuaries and the Faculty of Actuaries, at the University Press,
_c1950[reprinted 1964]
300 _a v :
_bill. ;
_c22 cm.
500 _aCorrigenda leaf inserted in v. 1.
504 _aIncludes bibliography and index.
505 0 _av. 1. Statistics & graduation, by H. Tetley.--v. 2. Construction of mortality & other tables, by J. L. Anderson and J. B. Dow.
650 0 _aStatistics.
_9108079
650 0 _aInsurance
_vStatistics.
_9108080
650 0 _aLife insurance
_vStatistics.
_9108081
700 1 _aAnderson, John Leslie.
_9108082
700 1 _aFreeman, Harry,
_d1888- ,
_eed.
_9108083
942 _2ddc
_cBK
999 _c35499
_d35499